Zpověď farářky /
Uloženo v:
| Hlavní autor: | |
|---|---|
| Další autoři: | , , |
| Médium: | E-audiokniha |
| Jazyk: | Czech |
| Vydáno: |
Praha :
Voxi,
[2024]
|
| Témata: | |
| Tagy: |
Žádné tagy |
| LEADER | 04696nim a2201141 i 4500 | ||
|---|---|---|---|
| 001 | 313214 | ||
| 003 | CZ PrSKC | ||
| 005 | 20260601215738.0 | ||
| 007 | sd fungnnmmned | ||
| 008 | 240322t20242024xr nnnng at n cze | ||
| 015 | |a cnb003596778 | ||
| 024 | 3 | |a 8594050437579 | |
| 040 | |a ABA001 |b cze |e rda | ||
| 043 | |a e-xr--- | ||
| 045 | |a y-y- | ||
| 072 | 7 | |a 27 |x Křesťanství. Křesťanská církev všeobecně. Eklesiologie |2 Konspekt | |
| 072 | 7 | |a 929 |x Biografie |2 Konspekt | |
| 080 | |a 27-722.53-774-055.2 |2 MRF | ||
| 080 | |a 271/279 |2 MRF | ||
| 080 | |a 27-733 |2 MRF | ||
| 080 | |a 27-46 |2 MRF | ||
| 080 | |a 27-4 |2 MRF | ||
| 080 | |a 316.728 |2 MRF | ||
| 080 | |a 316.64 |2 MRF | ||
| 080 | |a 929 |2 MRF | ||
| 080 | |a (437.3) |2 MRF | ||
| 080 | |a (047.53) |2 MRF | ||
| 080 | |a (0:82-94) |2 MRF | ||
| 080 | |a (0:82-4) |2 MRF | ||
| 080 | |a (086.7)08 |2 MRF | ||
| 080 | |a (086.76) |2 MRF | ||
| 100 | 1 | |a Kopecká, Martina Viktorie, |d 1986- |7 mzk2015896104 |4 aut |4 nrt | |
| 245 | 1 | 0 | |a Zpověď farářky / |c Martina Viktorie Kopecká |
| 264 | 1 | |a Praha : |b Voxi, |c [2024] | |
| 264 | 4 | |c ©2024 | |
| 300 | |a 1 audiodisk (7 hod., 48 min.) ; |c 12 cm | ||
| 306 | |a 074800 | ||
| 336 | |a mluvené slovo |b spw |2 rdacontent | ||
| 337 | |a audio |b s |2 rdamedia | ||
| 338 | |a audiodisk |b sd |2 rdacarrier | ||
| 344 | |a digital |b optical |2 rda | ||
| 347 | |a audio soubor |b MP3 |2 rda | ||
| 500 | |a Název z disku | ||
| 500 | |a Copyright Albatros Media | ||
| 500 | |a Nezkrácená audiokniha ve formátu MP3 | ||
| 500 | |a Podle stejnojmenné knihy vydané nakladatelstvím Mladá fronta v roce 2023 | ||
| 508 | |a Režie Tomáš Harant | ||
| 511 | 0 | |a Čtou Klára Oltová, Tomáš Novotný a Martina Viktorie Kopecká | |
| 600 | 1 | 7 | |a Kopecká, Martina Viktorie, |d 1986- |7 mzk2015896104 |2 czenas |
| 610 | 2 | 7 | |a Církev československá husitská |7 kn20010710457 |2 czenas |
| 648 | 7 | |a 21. století |7 ch460559 |2 czenas | |
| 650 | 0 | 7 | |a farářky |7 ph305412 |z Česko |y 21. století |2 czenas |
| 650 | 0 | 7 | |a křesťanské církve |7 ph122117 |z Česko |y 21. století |2 czenas |
| 650 | 0 | 7 | |a služby v církvi |7 ph119301 |z Česko |y 21. století |2 czenas |
| 650 | 0 | 7 | |a pastorace |7 ph123988 |z Česko |y 21. století |2 czenas |
| 650 | 0 | 7 | |a církevní život |7 ph119306 |z Česko |y 21. století |2 czenas |
| 650 | 0 | 7 | |a každodenní život |7 ph121555 |z Česko |y 21. století |2 czenas |
| 650 | 0 | 7 | |a názory a postoje |7 ph137634 |2 czenas |
| 655 | 7 | |a rozhovory |7 fd133303 |2 czenas | |
| 655 | 7 | |a autobiografické vzpomínky |7 fd131854 |2 czenas | |
| 655 | 7 | |a úvahy |7 fd134000 |2 czenas | |
| 655 | 7 | |a audioknihy |7 fd119452 |2 czenas | |
| 655 | 7 | |a kompaktní disky |7 fd201991 |2 czenas | |
| 700 | 1 | |a Harant, Tomáš |7 xx0154002 |4 drt | |
| 700 | 1 | |a Oltová, Klára |4 nrt | |
| 700 | 1 | |a Novotný, Tomáš, |d 1985- |7 jo20191053165 |4 nrt | |
| 900 | |a ABA001 |b 18 | ||
| 044 | |a xr | ||
| 505 | 0 | 0 | |t Ptáček ve světle žluté klícce (7 min., 14 sek.) |
| 505 | 0 | 0 | |t Bůh mě nenechal tančit samotnou (20 min., 38 sek.) |
| 505 | 0 | 0 | |t Rozhovor 1. část (18 min., 0 sek.) |
| 505 | 0 | 0 | |t Rozhovor 2. část (17 min., 52 sek.) |
| 505 | 0 | 0 | |t Po každé noci přijde ráno (11 min., 26 sek.) |
| 505 | 0 | 0 | |t Rozhovor 3. část (24 min., 50 sek.) |
| 505 | 0 | 0 | |t Rozhovor 4. část (26 min., 41 sek.) |
| 505 | 0 | 0 | |t Silnější než smrt (23 min., 29 sek.) |
| 505 | 0 | 0 | |t Rozhovor 5. část (17 min., 51 sek.) |
| 505 | 0 | 0 | |t Rozhovor 6. část (18 min., 6 sek.) |
| 505 | 0 | 0 | |t Přála bych si vědět (12 min., 51 sek.) |
| 505 | 0 | 0 | |t Rozhovor 7. část (18 min., 33 sek.) |
| 505 | 0 | 0 | |t Rozhovor 8. část (19 min., 42 sek.) |
| 505 | 0 | 0 | |t Modlitba o vodě (3 min., 4 sek.) |
| 505 | 0 | 0 | |t Buď vůle tvá (18 min., 7 sek.) |
| 505 | 0 | 0 | |t Rozhovor 9. část (25 min., 11 sek.) |
| 505 | 0 | 0 | |t Rozhovor 10. část (22 min., 58 sek.) |
| 505 | 0 | 0 | |t Řekni jen slovo a má duše bude uzdravena (18 min., 47 sek.) |
| 505 | 0 | 0 | |t Rozhovor 11. část (16 min., 10 sek.) |
| 505 | 0 | 0 | |t Rozhovor 12. část (19 min., 35 sek.) |
| 505 | 0 | 0 | |t Díky, Bože, že jsem žena (18 min., 8 sek.) |
| 505 | 0 | 0 | |t Rozhovor 13. část (16 min., 35 sek.) |
| 505 | 0 | 0 | |t Rozhovor 14. část (17 min., 46 sek.) |
| 505 | 0 | 0 | |t Rozhovor 15. část (13 min., 26 sek.) |
| 505 | 0 | 0 | |t Najít klíče od věků (10 min., 9 sek.) |
| 505 | 0 | 0 | |t Rozhovor 16. část (19 min., 13 sek.) |
| 505 | 0 | 0 | |t Rozhovor 17. část (11 min., 15 sek.) |
| 910 | |a RBIT002 | ||
| 998 | |d 394675 |a https://core.palmknihy.cz/api/books/394675/cover?shcg5i |b https://core.palmknihy.cz/api/books/394675/cover/400?shcg5i |c https://core.palmknihy.cz/api/books/394675/cover/50?shcg5i |e 2033-12-31 |i 8594050437579 |l 28080 |q 49 |r 1 |s https://www.palmknihy.cz/kniha/394675 |t audiobook |y 2024 |z 0 | ||
| 999 | |d 313212 | ||